"Survivor" Contestants Who Have Played the Most Days - Statistics

General Stats
  • This quiz has been taken 1,000 times
    491 since last reset
  • The average score is 17 of 22
Answer Stats
Amount of Seasons Played Amount of Days Answer % Correct
5 152 "Boston" Rob Mariano
99%
4 110 Sandra Diaz-Twine
96%
4 149 Parvati Shallow
95%
3 108 Amanda Kimmel
92%
4 128 Ozzy Lusth
91%
4 121 Cirie Fields
88%
3 84 Tony Vlachos
88%
4 116 Tyson Apostol
83%
4 104 Rupert Boneham
81%
3 88 Russell Hantz
81%
3 107 Amber Mariano
77%
3 96 Coach Wade
77%
3 98 Colby Donaldson
77%
3 96 Sarah Lacina
74%
3 89 Jerri Manthey
67%
3 98 Jeremy Collins
64%
3 83 Tina Wesson
63%
3 86 Kelley Wentworth
61%
3 111 Aubry Bracco
57%
3 95 Ethan Zohn
56%
3 91 Joe Anglim
56%
3 103 Andrea Boehlke
48%
No matching quizzes found
Score Distribution
Percent of People with Each Score
Percentile by Number Answered
Your Score History
You have not taken this quiz since the last reset